| 000 -LEADER |
| fixed length control field |
00534nam a22000977a 4500 |
| 008 - FIXED-LENGTH DATA ELEMENTS--GENERAL INFORMATION |
| fixed length control field |
180312b xxu||||| |||| 00| 0 eng d |
| 100 ## - MAIN ENTRY--AUTHOR'S NAME |
| Author's Name |
China (Republic of China). Directorate General of Posts |
| 245 ## - TITLE STATEMENT |
| Title |
Stamps tell the story of the Republic of China |
| 260 ## - PUBLICATION, DISTRIBUTION, ETC. (IMPRINT) |
| Place of publication, distribution, etc. |
Taipei, Taiwan |
| Name of publisher, distributor, etc. |
China (Republic of China). Directorate General of Posts |
| Date of publication, distribution, etc. |
1975 |
| 650 ## - TOPICAL TERM (Tag) |
| Topical term or geographic name |
China | China, Republic of | China, Republic of (Taiwan) (1950-) | Postal History | Educational Aspects of Collecting | Collateral Material | Commemorative Issues | Definitive Issues |